00970cam a22002171 4500001000500000005001700005020001700022040003200039050002000071082000800091100002900099245005400128260005500182300005700237490002700294505000800321520033600329521002000665521002000685700004700705115220260304083103.0 a033500713002 aDLCcNmLcUdNmLcUdDLCbeng00aPZ10.3.J14bTaw aFic1 aJackson, Kathryn,d1907-10aTawny scrawny lion.cPictures by Gustaf Tenggren. aNew York,bWestern Publishing Company, Inc.c1952. a23 unnumbered pages :bColors illustrations ;c21 cm0 aThe Little golden book aF  aOnce there was a tawny scrawny lion who chased monkeys on Monday—kangaroos on Tuesday—zebras on Wednesday—bears on Thursday—camels on Friday—and on Saturday, elephants! So begins the funny, classic Golden story of a family of ten fat rabbits that teaches the hungry lion to eat carrot stew—so that he doesn’t eatthem! a320 bLexile  aF bRaz-Plus 1 aTenggren, Gustafd1896-1970,eillustrator.